| 000 | 00533 a2200193 4500 | ||
|---|---|---|---|
| 020 | _a0007120915 | ||
| 040 |
_aDLC _bDLC |
||
| 082 | 0 | 0 | _a813/.54 |
| 100 | 1 | _aChristie, Agatha, | |
| 245 | 1 | 2 |
_aA Caribbean mystery _cChristie, Agatha. |
| 260 |
_aLondon: _bHarper Collins : _c1964 |
||
| 300 |
_a286 p. ; _c22 cm. |
||
| 500 | _a"A Miss Marple mystery." | ||
| 650 | 0 | _aMarple, Jane (Fictitious character) | |
| 650 | 0 |
_aWomen detectives _zEngland |
|
| 651 | 0 | _aCaribbean Area | |
| 655 | 7 | _aMystery fiction. | |
| 942 |
_cBK _k823.912 CHR _2ddc |
||
| 999 |
_c4958 _d4958 |
||